00565nam a22001697a 450000500170000001000150001702000260003203500140005803700130007208200100008510000180009524501060011326000260021927000780024530000290032349000430035220170912120212.0 aENG-120258 a9789382169741c325.00 aEN-103790 bDBAD/PUB a005.8 aSharma,Munish aSecuring critical information infrastructure :cby Munish Sharmabglobal perspectives and practices / aNew DelhibIDSAc2017 aN0-1 Development enclave Rao Tula ram marg,Delhi CanttbNew Delhie110010 a116p. :c23cm(pbk)bill. aIDSA Monograph series N0-60 April 2017